Rural development: Learning from China (Record no. 1373851)

MARC details
000 -LEADER
fixed length control field 00535nam a2200193Ia 4500
005 - DATE AND TIME OF LATEST TRANSACTION
control field 20250508162021.0
008 - FIXED-LENGTH DATA ELEMENTS--GENERAL INFORMATION
fixed length control field 008 250505s9999 xx 000 0 eng d
020 ## - INTERNATIONAL STANDARD BOOK NUMBER
International Standard Book Number 0-333-23440-5
037 ## - SOURCE OF ACQUISITION
Stock number Textual
040 ## - CATALOGING SOURCE
Original cataloging agency FEDL
Language of cataloging eng
Transcribing agency FEDL
041 ## - LANGUAGE CODE
Language code of text/sound track or separate title eng
Source of code eng
084 ## - COLON CLASSIFICATION NUMBER
Classification number 307.72, AZI
Assigning agency FEDL
100 ## - MAIN ENTRY--PERSONAL NAME
Personal name Aziz Sartaj
245 #0 - TITLE STATEMENT
Title Rural development: Learning from China
260 ## - PUBLICATION, DISTRIBUTION, ETC.
Place of publication, distribution, etc. London, UK
Name of publisher, distributor, etc. The Macmillan Press Ltd.
Date of publication, distribution, etc. 1978
300 ## - PHYSICAL DESCRIPTION
Extent xxi,201p
942 ## - ADDED ENTRY ELEMENTS (KOHA)
Koha item type Textual
Classification part 307.72, AZI
Holdings
Withdrawn status Lost status Damaged status Not for loan Home library Current library Date acquired Total Checkouts Full call number Barcode Date last seen Price effective from Koha item type
        Department of Education Library Department of Education Library 2025-05-08   307.72, AZI EL0063819 2025-05-08 2025-05-08 Textual
Copyright @ Delhi University Library System